000
00301nam a2200133Ia 4500
005
20251222141841.0
008
251222s9999||||xx |||||||||||||| ||spa||
020
_a
84-7927-210-4
082
_a
370.152/D57
100
_a
Dennison, Paul E.
245
0
_a
Brain Gym:
264
_b
Robinbook
942
_c
LIB
999
_c
7410
_d
7410